000 00701nam a2200169Ia 4500
008 090711s9999 xx 000 0 und d
082 _b50638
100 _aजावडेकर मुरलीधर
245 _aमहाराष्ट्रातील वैज्ञानिक क्रांती
260 _c1982
300 _a266
600 _aजावडेकर मुरलीधर
630 _aमहाराष्ट्रातील वैज्ञानिक क्रांती
700 _aजावडेकर मुरलीधर
730 _aमहाराष्ट्रातील वैज्ञानिक क्रांती
942 _cBOOK
999 _c328585
_d328585